Marvel Characters - Statistics

General Stats
  • This quiz has been taken 59 times
  • The average score is 67 of 100
Answer Stats
Picture Answer % Correct
Iron Man
100%
Black Widow
98%
Captain America
98%
Spider-Man
98%
Hawkeye
96%
Venom
96%
Hulk
94%
Thor
94%
Nick Fury
90%
Falcon
85%
Miles Morales
85%
Ant-Man
83%
Black Panther
81%
Captain Marvel
81%
Doctor Strange
81%
Groot
81%
Loki
81%
Rocket
81%
Wolverine
81%
Deadpool
79%
She-Hulk
79%
Ultron
79%
Gwen Stacy
77%
Quicksilver
77%
Star Lord
77%
War Machine
77%
Wasp
77%
Gamora
75%
Scarlet Witch
75%
Vision
75%
Daredevil
73%
Drax
73%
Thanos
73%
Doctor Octopus
71%
Green Goblin
71%
Magneto
71%
Mr. Fantastic
71%
Mysterio
71%
Sandman
71%
Wong
71%
Carnage
69%
Mantis
69%
Nebula
69%
Professor X
69%
Punisher
69%
Red Hulk
69%
Red Skull
69%
Blade
67%
Human Torch
67%
Moon Knight
67%
Storm
67%
Beast
65%
Cyclops
65%
Electro
65%
Gambit
65%
Iron Patriot
65%
Mystique
65%
Galactus
63%
Ghost
63%
Heimdall
63%
Invisible Woman
63%
Lizard
63%
Thing
63%
Iron Fist
62%
Killmonger
62%
Luke Cage
62%
Pepper Potts
62%
Abomination
60%
Kang
60%
Kingpin
60%
Shuri
60%
Vulture
60%
X-23
60%
Yondu
60%
Adam Warlock
58%
Colossus
58%
Elektra
58%
Jean Grey
58%
Ms Marvel
58%
Jane Foster
56%
Crossbones
54%
Howard The Duck
54%
Jessica Jones
54%
Madame Web
54%
Phil Coulson
54%
Nightcrawler
52%
Spiderman 2099
52%
Taskmaster
52%
Iron Heart
50%
Okoye
50%
Red Guardian
50%
Iceman
48%
Kate Bishop
48%
Cosmo
46%
Rogue
44%
Yelena Belova
42%
US Agent
38%
Kraglin
37%
Kitty Pride
25%
Winter Solider
13%
No matching quizzes found
Score Distribution
Percent of People with Each Score
Percentile by Number Answered
Your Score History
You have not taken this quiz